Catálogo
 En Linea

Letras mías y prestadas ; (Registro nro. 41654)

Detalles MARC
000 -CABECERA
campo de control de longitud fija 00782nam a2200205 a 4500
001 - NÚMERO DE CONTROL
campo de control 000042165
005 - FECHA Y HORA DE LA ÚLTIMA TRANSACCIÓN
campo de control 20201002035959.0
008 - DATOS DE LONGITUD FIJA--INFORMACIÓN GENERAL
campo de control de longitud fija 131118s2013 dr ac 000 0 spa d
020 ## - NÚMERO INTERNACIONAL ESTÁNDAR DEL LIBRO
Número Internacional Estándar del Libro 9789945165777
040 ## - FUENTE DE LA CATALOGACIÓN
Centro catalogador/agencia de origen DO-SdBNP
Lengua de catalogación spa
Centro/agencia transcriptor BNPHU
082 ## - NÚMERO DE LA CLASIFICACIÓN DECIMAL DEWEY
Número de clasificación xxx
Número de documento/Ítem G216L
100 1# - ENTRADA PRINCIPAL--NOMBRE DE PERSONA
Nombre de persona García, Johnny
9 (RLIN) 69171
245 10 - MENCIÓN DE TÍTULO
Título Letras mías y prestadas ;
Resto del título Catarsis desde el fondo /
Mención de responsabilidad, etc. Johnny García.
260 ## - PUBLICACIÓN, DISTRIBUCIÓN, ETC.
Lugar de publicación, distribución, etc. Santo Domingo :
Nombre del editor, distribuidor, etc. Búho,
Fecha de publicación, distribución, etc. 2013.
300 ## - DESCRIPCIÓN FÍSICA
Extensión 121, 29 p. :
Otras características físicas il., retrs. ;
Dimensiones 22 cm.
500 ## - NOTA GENERAL
Nota general Dos obras con encuadernación invertida y con paginación independiente.
500 ## - NOTA GENERAL
Nota general Incluye datos biográficos del autor en la solapa de la cubierta.
501 ## - NOTA DE "CON"
Nota de “Con” Encuadernados con: Catarsis desde el fondo
563 ## - NOTA DE ENCUADERNACIÓN
Nota de encuadernación Dos obras encuadernadas juntas con paginación diferentes
Existencias
Estado de retiro Estado de pérdida Restricciones de uso No para préstamo Código de colección Localización permanente Ubicación/localización actual Ubicación en estantería Fecha de adquisición Número de inventario Total de préstamos Signatura topográfica completa Código de barras Fecha visto por última vez Número de copia Precio válido a partir de Tipo de ítem Koha
        Dominicana de Servicio General General En catalogación 18.11.2013 LF1   xxx G216L 42165-30 25.06.2020 e. 3 25.06.2020 Libro y Folleto Colección Dominicana de Servicio
      Excluido de préstamo Patrimonio Dominicano Patrimonio Dominicano Patrimonio Dominicano En catalogación 18.11.2013 LF1   xxx G216L 42165-10 25.06.2020   25.06.2020 Libro y Folleto Colección Patrimonio Dominicano
      Excluido de préstamo Patrimonio Dominicano Patrimonio Dominicano Patrimonio Dominicano En catalogación 18.11.2013 LF1   xxx G216L 42165-20 25.06.2020 e. 2 25.06.2020 Libro y Folleto Colección Patrimonio Dominicano

Con tecnología Koha